000 00533nam a2200193 i 4500
001 88835
003 ES-MaACL
005 20230906175939.0
007 t|
008 041223s1999 fr ||||1| fre d
020 _a2-213-59813-4
080 _a929 Diane de Poitiers
100 1 _aCloulas, Ivan.
_939301
245 1 0 _aDiane de Poitiers /
_cIvan Cloulas.
260 _a[Paris] :
_bFayard,
_c[1999]
300 _a432 p., [16] p. de lám. ;
_c22 cm.
600 1 4 _aDiane de Poitiers.
_944104
852 _aES-MaACL
_jE-10682
_bR.134866
999 _c88835
_d88835